Human resource development / (Record no. 51874)

MARC details
000 -LEADER
fixed length control field 00695nam a2200253Ia 4500
005 - DATE AND TIME OF LATEST TRANSACTION
control field 20260429112017.0
008 - FIXED-LENGTH DATA ELEMENTS--GENERAL INFORMATION
fixed length control field 260429s9999||||xx |||||||||||||| ||und||
020 ## - INTERNATIONAL STANDARD BOOK NUMBER
International Standard Book Number 9780367234751
041 ## - LANGUAGE CODE
Language English
082 ## - DEWEY DECIMAL CLASSIFICATION NUMBER
Classification number 658.3
Item number BIE
100 ## - MAIN ENTRY--PERSONAL NAME
Personal name Bierema, Laura L.
245 #0 - TITLE STATEMENT
Title Human resource development /
Statement of responsibility, etc Laura L. Bierema
250 ## - EDITION STATEMENT
Edition statement 1st ed.
260 ## - PUBLICATION, DISTRIBUTION, ETC. (IMPRINT)
Place of publication, distribution, etc New Delhi :
Name of publisher, distributor, etc Routledge,
Date of publication, distribution, etc 2024.
300 ## - PHYSICAL DESCRIPTION
Extent xiii, 372 p.; pbk
650 ## - SUBJECT ADDED ENTRY--TOPICAL TERM
Topical term or geographic name as entry element Management
650 ## - SUBJECT ADDED ENTRY--TOPICAL TERM
Topical term or geographic name as entry element Organizational behavior
650 ## - SUBJECT ADDED ENTRY--TOPICAL TERM
Topical term or geographic name as entry element Human resource development
700 ## - ADDED ENTRY--PERSONAL NAME
Personal name Callahan, Jamie L.
700 ## - ADDED ENTRY--PERSONAL NAME
Personal name Collins, Joshua C.
700 ## - ADDED ENTRY--PERSONAL NAME
Personal name Elliott, Carole J.
700 ## - ADDED ENTRY--PERSONAL NAME
Personal name Greer, Tomika W.
942 ## - ADDED ENTRY ELEMENTS (KOHA)
Koha item type Text Books
Holdings
Withdrawn status Lost status Damaged status Not for loan Collection code Home library Location Shelving location Date of Cataloging Source of acquisition Total Checkouts Full call number Barcode Date last seen Price effective from Koha item type
        Non-fiction CUTN Central Library CUTN Central Library Medicine, Technology & Management 29/04/2026 SansRack Publishing Solutions, Chennai - Invoice No. S131/25-26 on 11-02-2026   658.3 BIE 56913 29/04/2026 29/04/2026 Text Books